<?xml version="1.0" encoding="UTF-8"?>
<record
    xmlns:xsi="http://www.w3.org/2001/XMLSchema-instance"
    xsi:schemaLocation="http://www.loc.gov/MARC21/slim http://www.loc.gov/standards/marcxml/schema/MARC21slim.xsd"
    xmlns="http://www.loc.gov/MARC21/slim">

  <leader>00599nam a22001817a 4500</leader>
  <controlfield tag="003">sfu0570</controlfield>
  <controlfield tag="005">20190703143529.0</controlfield>
  <controlfield tag="008">190703b        xxu||||| |||| 00| 0 eng d</controlfield>
  <datafield tag="020" ind1=" " ind2=" ">
    <subfield code="a">0-86612-036X</subfield>
  </datafield>
  <datafield tag="050" ind1=" " ind2=" ">
    <subfield code="a">TX 911.3.M27</subfield>
  </datafield>
  <datafield tag="100" ind1=" " ind2=" ">
    <subfield code="a">Michael L Kasavana</subfield>
  </datafield>
  <datafield tag="245" ind1=" " ind2=" ">
    <subfield code="a">Managing computers in the hospitality industry /</subfield>
    <subfield code="b">Michael L Kasavana; John J Cahill</subfield>
  </datafield>
  <datafield tag="260" ind1=" " ind2=" ">
    <subfield code="a">East Lansing, Mich. : </subfield>
    <subfield code="b">Educational Institute of the American Hotel &amp; Motel Association</subfield>
    <subfield code="c">1987</subfield>
  </datafield>
  <datafield tag="300" ind1=" " ind2=" ">
    <subfield code="a">420 pages</subfield>
  </datafield>
  <datafield tag="690" ind1=" " ind2=" ">
    <subfield code="2">Hospitality industry -- Data processing.</subfield>
  </datafield>
  <datafield tag="700" ind1=" " ind2=" ">
    <subfield code="a">John J Cahill</subfield>
  </datafield>
  <datafield tag="942" ind1=" " ind2=" ">
    <subfield code="2">lcc</subfield>
    <subfield code="c">BK</subfield>
  </datafield>
  <datafield tag="999" ind1=" " ind2=" ">
    <subfield code="c">361934</subfield>
    <subfield code="d">361934</subfield>
  </datafield>
  <datafield tag="952" ind1=" " ind2=" ">
    <subfield code="0">0</subfield>
    <subfield code="1">0</subfield>
    <subfield code="2">lcc</subfield>
    <subfield code="4">0</subfield>
    <subfield code="a">SFU</subfield>
    <subfield code="b">SFU</subfield>
    <subfield code="c">NULL</subfield>
    <subfield code="d">2019-07-03</subfield>
    <subfield code="e">Library Fund</subfield>
    <subfield code="l">0</subfield>
    <subfield code="o">TX 911.3.M27</subfield>
    <subfield code="p">SFU0570</subfield>
    <subfield code="r">2019-07-03 00:00:00</subfield>
    <subfield code="w">2019-07-03</subfield>
    <subfield code="y">BK</subfield>
  </datafield>
</record>
